01425cam a22004094i 4500003000900000005001700009008004100026020001500067020001800082035002000100040003300120082002100153100002900174245008400203264003600287300003800323336002100361337002500382338002300407504003900430504003300469505023600502526001000738526001000748526001000758526001000768526000800778526000800786526000800794526000800802526000800810526000800818526000800826650005900834650005200893650007000945PE-LiUPU20250731173114.0190311s2016 gw rb 001 0 eng d a9004331735 a9789004331730 a(Sirsi) a251929 aPE-LiUPUbspacPE-LiUPUerda04a232.906bH722231 aHomolka, Walter,eautor.10aJewish Jesus research and its challenge to Christology today /cWalter Homolka. 1aLeiden, Boston :bBrill,c2016. a180 páginas ;c31 centímetros atext2rdacontent aunmediated2rdamedia avolume2rdacarrier aBibliografía: páginas 141-169. aÍndice: páginas 170-180.0 aHistorical Jesus Research: A Reception History -- The Jewish Jesus Quest and the Wissenschaft des Judentums -- Reclaimed or Reclaiming? Recent Jewish Approaches to Jesus's Wirkungsgeschichte -- Jewish Quests and Christian Problems. aSEG42 aSEG41 aSEG40 aSEG39 aP94 aP87 aP86 aP85 aP77 aP76 aP3507aHistoricity of Jesus Christ2fast0(OCoLC)fst01353218.07aInterfaith relations2fast0(OCoLC)fst01353343.07aJewish interpretations of Jesus Christ2fast0(OCoLC)fst01353462.